| 000 | 00899nam a2200253 i 4500 | ||
|---|---|---|---|
| 001 | 133658 | ||
| 003 | ES-MaACL | ||
| 005 | 20230906194505.0 | ||
| 007 | t| | ||
| 008 | 070824s1971 gw ||||1| ita d | ||
| 080 | _a17 | ||
| 100 | 1 |
_aFesta, Nicola. _950625 |
|
| 245 | 1 | 0 |
_aI frammenti degli stoich antichi _b: due volumi in un volume / _cordinati tradotti e annotati da Nicola Festa. |
| 260 |
_aGeorg Olms : _bHildesheim, _c1971. |
||
| 300 |
_a2 v. ; _c22 cm. |
||
| 500 | _aBiblioteca Jacinto Martínez Lacalle. | ||
| 500 | _aReprod. facs. de la ed. de: Bari: Gius, Laterza & figli, 1932. | ||
| 505 | 8 | _aContiene: vol. I. Zenone -- vol. II. Aritone. Apollofane. Erillo Dionigi D'Eraclea. Persö. Cleante. Sfero | |
| 650 | 1 | 4 |
_aEstoicismo. _912555 |
| 655 | 7 |
_2tgfbne _9226495 _aFacsímiles |
|
| 852 |
_aES-MaACL _jE-12016 _bR.140124 |
||
| 942 | _2udc | ||
| 999 |
_c133658 _d133658 |
||